Westerland Liedtext - Die Ärzte - Statistiken

Allgemein
  • Dieses Quiz wurde 398 mal gespielt
  • Das Durchschnittsergebnis liegt bei 174 aus 221
Antwortstatistiken
Antwort % Korrekt
ich
100%
Ich
100%
Westerland
98%
zu
98%
will
96%
nach
95%
zurück
95%
die
94%
Wie
94%
wie
94%
an
92%
den
92%
wieder
91%
so
89%
Nordsee
87%
hab
85%
sie
85%
Oh
82%
Und
82%
Sehnsucht
81%
am
80%
solche
80%
verliere
80%
Verstand
80%
Wann
80%
in
76%
eine
73%
Wellen
72%
Diese
71%
diese
71%
hör
71%
Liebe
71%
werd
71%
hier
70%
nie
70%
Ende
69%
wird
69%
geh'n
67%
ist
67%
man
67%
mein
67%
sitz
67%
Es
66%
unter
64%
wiedersehen
64%
das
63%
Wannsee
63%
nicht
60%
oft
60%
auf
59%
mich
59%
geh'n
58%
blöd
57%
schon
57%
genauso
56%
Spree
56%
jeder
55%
sich
55%
denk
54%
etwas
54%
Insel
54%
meinem
54%
Tag
54%
Ufer
54%
Jeden
53%
lieg
53%
retten
53%
sprang
53%
Meer
52%
mussten
52%
teurer
52%
zwar
52%
Zweite
52%
Handtuch
51%
keine
51%
Ruh
51%
damit
50%
Herz
50%
untergeh
50%
Dann
49%
schwer
48%
weiß
48%
Doch
47%
finde
47%
mir
47%
Dafür
46%
stand
46%
vor
44%
Stell
41%
Manchmal
39%
Augen
33%
schließe
32%
Keine übereinstimmenden Quizze gefunden
Verteilung der Resultate
Anzahl Personen mit jedem Resultat
Perzentil nach korrekt beantworteten Fragen
Ihre Resultats-Entwicklung
Sie haben dieses Quiz noch nicht gespielt